| 000 | 004990000a22001810004500 | ||
|---|---|---|---|
| 020 | _a0-311-24304-9 | ||
| 041 | 0 | _aSPA | |
| 082 | 0 | 4 | _aG 268.33 F6991t |
| 100 | 1 | _aFord, LeRoy | |
| 245 | 1 | 0 | _aAyudas visuales : Cómo realizarlas / LeRoy Ford; Viola D. Campbell, Traductor |
| 260 | _a[S.L] : Casa Bautista de Publicaciones | ||
| 300 | _a80 Pag | ||
| 001 | 10711 | ||
| 942 | _cBK | ||
| 999 |
_c40174 _d40174 |
||
| 336 |
_atexto _btxt _2rdacontent |
||
| 337 |
_2rdamedia _asin mediación _bn |
||
| 338 |
_2rdacarrier _avolumen _bnc |
||